[Event "Berlin Kreuzberg op"]
[Site "Berlin"]
[Date "2016.07.17"]
[Round "2"]
[White "Johansson, Gunnar"]
[Black "Reiche, Henry"]
[Result "1-0"]
[WhiteElo "2205"]
[BlackElo "1972"]
[PlyCount "45"]
[EventDate "2016.07.16"]
[EventType "swiss"]
[EventRounds "9"]
[EventCountry "GER"]
[SourceTitle "CBM 173 Extra"]
[Source "ChessBase"]
[SourceDate "2016.08.29"]
[SourceVersion "1"]
[SourceVersionDate "2016.08.29"]
[SourceQuality "1"]

1. d4 d6 2. Nf3 g6 3. c4 Bg7 4. e4 Nd7 5. Nc3 c5 6. d5 Nh6 7. Be2 0-0 8. Ng5 Re8 9. h4 Nf8 10. h5 f5 11. hxg6 hxg6 12. Ne6 Bxe6 13. dxe6 Ng4 14. exf5 Nf6 15. g4 b5 16. g5 gxf5 17. gxf6 exf6 18. Qd5 Rxe6 19. cxb5 Kf7 20. Be3 Ke7 21. 0-0-0 Rc8 22. Rdg1 Kf7 23. Qg2 1-0

[Event "Berlin-ch Seniors op 32nd"]
[Site "Berlin"]
[Date "2016.02.04"]
[Round "9"]
[White "Reiche, Henry"]
[Black "Simon, Ralf Axel"]
[Result "1-0"]
[WhiteElo "1954"]
[BlackElo "2184"]
[PlyCount "91"]
[EventDate "2016.01.26"]
[EventType "swiss"]
[EventRounds "9"]
[EventCountry "GER"]
[SourceTitle "EXT 2019"]
[Source "ChessBase"]
[SourceDate "2018.10.10"]
[SourceVersion "1"]
[SourceVersionDate "2018.10.10"]
[SourceQuality "1"]

1. g3 c5 2. Bg2 Nc6 3. d3 d5 4. Nd2 e5 5. e4 d4 6. Ngf3 Bd6 7. Nc4 Bc7 8. Nh4 g6 9. 0-0 b5 10. Na3 Rb8 11. f4 exf4 12. e5 Nb4 13. Bxf4 Be6 14. Nf3 h6 15. Qe2 Ne7 16. Bd2 Kf8 17. Nh4 g5 18. Nf3 Ng6 19. h3 Kg7 20. b3 Nc6 21. c3 dxc3 22. Bxc3 b4 23. Bb2 bxa3 24. Bxa3 Nd4 25. Qf2 Bb6 26. Kh1 Re8 27. Rae1 c4 28. dxc4 Nb5 29. Bc5 Nc3 30. Bxb6 Qxb6 31. Nd4 Rbd8 32. Qf6+ Kg8 33. Nf5 Bxf5 34. Qxf5 Qe6 35. Qc2 Nxe5 36. Qxc3 Rd3 37. Qxd3 Nxd3 38. Rxe6 fxe6 39. Be4 Nb4 40. a3 Na2 41. Rf3 Rd8 42. Rf6 Nc3 43. Rxe6 Nxe4 44. Rxe4 Rd3 45. c5 Rxg3 46. c6 1-0

[Event "Berlin-ch Seniors op 32nd"]
[Site "Berlin"]
[Date "2016.01.29"]
[Round "4"]
[White "Reiche, Henry"]
[Black "Badestein, Hartmut"]
[Result "0-1"]
[WhiteElo "1954"]
[BlackElo "2033"]
[PlyCount "116"]
[EventDate "2016.01.26"]
[EventType "swiss"]
[EventRounds "9"]
[EventCountry "GER"]
[SourceTitle "EXT 2019"]
[Source "ChessBase"]
[SourceDate "2018.10.10"]
[SourceVersion "1"]
[SourceVersionDate "2018.10.10"]
[SourceQuality "1"]

1. g3 Nf6 2. Bg2 c5 3. d3 Nc6 4. Nd2 g6 5. Ngf3 Bg7 6. 0-0 d6 7. c3 Bg4 8. Re1 Qc8 9. Nf1 0-0 10. Bd2 b5 11. Qc1 Re8 12. Bh6 Bh8 13. Bd2 Rb8 14. Ne3 Bd7 15. Rb1 e5 16. c4 b4 17. b3 Bg7 18. Ng5 Nd4 19. Nd5 Bc6 20. Nxf6+ Bxf6 21. Ne4 Be7 22. Bg5 Bxe4 23. Bxe4 Bxg5 24. Qxg5 Kg7 25. h4 h5 26. Qd2 Qd8 27. e3 Ne6 28. Bc6 Rh8 29. f4 exf4 30. exf4 Nd4 31. Bd5 Qd7 32. Kg2 Rhe8 33. Rxe8 Rxe8 34. Re1 a5 35. Re4 a4 36. Qb2 axb3 37. Rxd4 cxd4 38. Qxd4+ f6 39. axb3 Re2+ 40. Kf1 Rc2 41. Qe3 Rb2 42. Be6 Qe7 43. g4 hxg4 44. h5 gxh5 45. f5 Rxb3 46. Kg2 Rb2+ 47. Kg3 d5 48. Qb6 dxc4 49. dxc4 Rd2 50. c5 Qd8 51. Qxd8 Rxd8 52. c6 Rd3+ 53. Kf4 Rf3+ 54. Ke4 Rc3 55. Bd5 b3 56. Kd4 b2 57. Kxc3 b1Q 58. Kc4 Qb6 0-1

[Event "Berlin Lichtenberger op 13th"]
[Site "Berlin"]
[Date "2014.08.23"]
[Round "8"]
[White "Reiche, Henry"]
[Black "Herrmann, Eberhard"]
[Result "0-1"]
[WhiteElo "1992"]
[BlackElo "1852"]
[PlyCount "78"]
[EventDate "2014.08.16"]
[EventType "swiss"]
[EventRounds "9"]
[EventCountry "GER"]
[SourceTitle "CBM 161 Extra"]
[Source "ChessBase"]
[SourceDate "2014.08.29"]
[SourceVersion "1"]
[SourceVersionDate "2014.08.29"]
[SourceQuality "1"]

1. e4 e5 2. Nf3 d6 3. Bc4 Be7 4. d3 Nc6 5. a3 Bg4 6. h3 Bh5 7. c3 Nf6 8. Be3 a6 9. Nbd2 d5 10. Ba2 0-0 11. Bg5 dxe4 12. dxe4 h6 13. Be3 Qd7 14. 0-0 Rad8 15. Qc2 Bd6 16. Rfe1 Bg6 17. Nh4 Bh7 18. f3 Ne7 19. g4 Nfd5 20. Bf2 Nf4 21. Kh2 Bc5 22. Nf1 Bxf2 23. Qxf2 Nd3 24. Qg2 Nxe1 25. Rxe1 Qc6 26. Ne3 Rd7 27. Nhf5 Ng6 28. Nd5 Qc5 29. b4 Qa7 30. Qc2 c6 31. Nde3 Rfd8 32. Nf1 Nf4 33. N5e3 Qb8 34. Nf5 Bxf5 35. exf5 Rd3 36. Re3 Qa7 37. Rxd3 Rxd3 38. f6 Rxf3 39. Bxf7+ Kxf7 0-1

[Event "Berlin Lichtenberger op 11th"]
[Site "Berlin"]
[Date "2012.08.25"]
[Round "8"]
[White "Kurbel, Horst Peter"]
[Black "Reiche, Henry"]
[Result "0-1"]
[WhiteElo "1865"]
[BlackElo "2004"]
[PlyCount "128"]
[EventDate "2012.08.18"]
[EventType "swiss"]
[EventRounds "9"]
[EventCountry "GER"]
[SourceTitle "CBM 150 Extra"]
[Source "ChessBase"]
[SourceDate "2012.10.19"]
[SourceVersion "1"]
[SourceVersionDate "2012.10.19"]
[SourceQuality "1"]

1. d4 Nf6 2. c4 e5 3. dxe5 Ng4 4. e4 Nxe5 5. f4 Nec6 6. Be3 Bb4+ 7. Nd2 Qe7 8. Bd3 Bc5 9. Qe2 Bxe3 10. Qxe3 d6 11. Ngf3 Nd7 12. 0-0 0-0 13. Rae1 Re8 14. Rf2 Nc5 15. Bb1 f6 16. Rfe2 Bg4 17. h3 Bh5 18. g4 Bf7 19. b3 a5 20. Nd4 Nxd4 21. Qxd4 Ne6 22. Qe3 Nf8 23. Nf3 Nd7 24. g5 a4 25. gxf6 Qxf6 26. Ng5 Bh5 27. Rg2 h6 28. e5 dxe5 29. Qd3 Nf8 30. Ne4 Qd8 31. Qg3 Qd4+ 32. Kh2 exf4 33. Qxf4 Kh8 34. Qxc7 Qe5+ 35. Qxe5 Rxe5 36. Reg1 g5 37. Nd6 axb3 38. axb3 Ra6 39. Nb5 Rf6 40. Nc3 Rf3 41. Rg3 Ree3 42. Rxf3 Bxf3 43. Rg3 Rxc3 44. Be4 Rxb3 45. Rxf3 Rxf3 46. Bxf3 b6 47. h4 Kg7 48. hxg5 hxg5 49. Kg3 Kf6 50. Kg4 Ng6 51. Be2 Ne5+ 52. Kg3 Kf5 53. Bf1 Ke4 54. Bg2+ Kd4 55. Bf1 Nxc4 56. Kf2 b5 57. Bh3 b4 58. Bf5 b3 59. Ke2 b2 60. Bb1 Na3 61. Bg6 b1Q 62. Bxb1 Nxb1 63. Kf3 Ke5 64. Kg4 Kf6 0-1

[Event "Berlin Lichtenberger op 11th"]
[Site "Berlin"]
[Date "2012.08.22"]
[Round "5"]
[White "Reiche, Henry"]
[Black "Boeck, Moacir Luis"]
[Result "1-0"]
[WhiteElo "2004"]
[BlackElo "1845"]
[PlyCount "99"]
[EventDate "2012.08.18"]
[EventType "swiss"]
[EventRounds "9"]
[EventCountry "GER"]
[SourceTitle "CBM 150 Extra"]
[Source "ChessBase"]
[SourceDate "2012.10.19"]
[SourceVersion "1"]
[SourceVersionDate "2012.10.19"]
[SourceQuality "1"]

1. e4 e5 2. Nf3 Nc6 3. Bb5 a6 4. Ba4 Nf6 5. 0-0 b5 6. Bb3 Be7 7. Re1 d6 8. c3 Na5 9. Bc2 c5 10. d4 cxd4 11. cxd4 Bg4 12. Be3 Nc4 13. Nbd2 Nxe3 14. Rxe3 Nd7 15. h3 Bh5 16. g4 Bg6 17. Nf1 h5 18. Ng3 hxg4 19. hxg4 Bg5 20. Re1 Bf4 21. Kg2 Nf6 22. Rh1 Rxh1 23. Qxh1 Bxg3 24. Kxg3 Nxe4+ 25. Bxe4 Bxe4 26. Qh8+ Ke7 27. Qxg7 Qh8 28. Qxh8 Rxh8 29. dxe5 Bxf3 30. exd6+ Kxd6 31. Kxf3 Ke5 32. Re1+ Kd6 33. Kf4 Rc8 34. Re2 Rc4+ 35. Kf5 a5 36. g5 Ra4 37. b3 Rd4 38. f4 a4 39. bxa4 Rxa4 40. Rb2 Kc5 41. Ke5 Kc4 42. f5 b4 43. Kf6 Ra7 44. g6 fxg6 45. fxg6 Kc3 46. Rg2 Ra6+ 47. Kf7 Ra7+ 48. Kg8 Ra8+ 49. Kh7 Ra7+ 50. g7 1-0

[Event "Berlin Lichtenberger op 11th"]
[Site "Berlin"]
[Date "2012.08.21"]
[Round "4"]
[White "Heuser, Philip"]
[Black "Reiche, Henry"]
[Result "1-0"]
[WhiteElo "2147"]
[BlackElo "2004"]
[PlyCount "88"]
[EventDate "2012.08.18"]
[EventType "swiss"]
[EventRounds "9"]
[EventCountry "GER"]
[SourceTitle "CBM 150 Extra"]
[Source "ChessBase"]
[SourceDate "2012.10.19"]
[SourceVersion "1"]
[SourceVersionDate "2012.10.19"]
[SourceQuality "1"]

1. d4 d5 2. c4 c6 3. Nc3 Nf6 4. cxd5 cxd5 5. Bf4 a6 6. e3 Bf5 7. Qb3 b5 8. Rc1 e6 9. a4 b4 10. Na2 Ra7 11. Nf3 a5 12. Bxb8 Qxb8 13. Bb5+ Nd7 14. Ne5 Rb7 15. Nxd7 Rxd7 16. 0-0 Bd6 17. h3 Ke7 18. Bxd7 Kxd7 19. Rfd1 h5 20. Rd2 g5 21. f3 g4 22. fxg4 hxg4 23. Rf1 Be4 24. Rxf7+ Ke8 25. Rdf2 gxh3 26. gxh3 Rxh3 27. Kf1 Rh1+ 28. Ke2 Qc8 29. Nc3 Bg6 30. Rg7 Bh5+ 31. Kd3 Qa6+ 32. Nb5 Rd1+ 33. Qxd1 Bxd1 34. Rg8+ Kd7 35. Rf7+ Kc6 36. Ra7 Qb6 37. Rc8+ Bc7 38. Rcxc7+ Qxc7 39. Rxc7+ Kb6 40. Rc5 Bxa4 41. Nc7 Bb3 42. Nxe6 a4 43. Nc7 a3 44. bxa3 bxa3 1-0

[Event "Berlin Lichtenberger op 8th"]
[Site "Berlin"]
[Date "2009.08.16"]
[Round "3"]
[White "Reiche, Henry"]
[Black "Yuan, Yizheng"]
[Result "0-1"]
[WhiteElo "2012"]
[BlackElo "1770"]
[PlyCount "76"]
[EventDate "2009.08.15"]
[EventType "swiss"]
[EventRounds "9"]
[EventCountry "GER"]
[SourceTitle "CBM 131 Extra"]
[Source "ChessBase"]
[SourceDate "2009.09.03"]
[SourceVersion "2"]
[SourceVersionDate "2009.09.16"]
[SourceQuality "1"]

1. e4 e5 2. Nf3 Nc6 3. Bb5 a6 4. Ba4 Nf6 5. 0-0 Be7 6. d3 b5 7. Bb3 d6 8. h3 Na5 9. c3 Nxb3 10. Qxb3 0-0 11. Be3 c5 12. Nbd2 Be6 13. c4 Rb8 14. Qc2 Nh5 15. g4 Nf4 16. Kh2 g6 17. Rg1 Kg7 18. Nf1 Rh8 19. Ng3 h5 20. Nf5+ Kf8 21. Bxf4 exf4 22. Nxe7 hxg4 23. Ng5 Qxe7 24. Nxe6+ Qxe6 25. Kg2 gxh3+ 26. Kf3 h2 27. Rh1 Rh3+ 28. Ke2 bxc4 29. dxc4 Rb4 30. b3 d5 31. a3 Rbxb3 32. cxd5 Qb6 33. Qc4 Rb2+ 34. Kf1 f3 35. Re1 Rb1 36. Rc1 Qb5 37. Rxb1 Qxb1+ 38. Qc1 Qxc1# 0-1

[Event "Berlin Lichtenberger op 8th"]
[Site "Berlin"]
[Date "2009.08.15"]
[Round "1"]
[White "Reiche, Henry"]
[Black "Moeller, Dirk Halvard"]
[Result "1-0"]
[WhiteElo "2012"]
[BlackElo "1602"]
[PlyCount "35"]
[EventDate "2009.08.15"]
[EventType "swiss"]
[EventRounds "9"]
[EventCountry "GER"]
[SourceTitle "CBM 131 Extra"]
[Source "ChessBase"]
[SourceDate "2009.09.03"]
[SourceVersion "2"]
[SourceVersionDate "2009.09.16"]
[SourceQuality "1"]

1. e4 e5 2. Nf3 Nf6 3. Nc3 Nc6 4. Bb5 a6 5. Bxc6 bxc6 6. Nxe5 Qe7 7. d4 c5 8. 0-0 Bb7 9. Re1 cxd4 10. Nd5 Qxe5 11. Bf4 Qxf4 12. Nxf4 0-0-0 13. Qxd4 Re8 14. b4 Bxe4 15. f3 Bxc2 16. Rxe8+ Nxe8 17. Qa7 Bd6 18. Qa8# 1-0

[Event "Berlin Lichtenberger op 7th"]
[Site "Berlin"]
[Date "2008.08.24"]
[Round "9"]
[White "Kapp, Martin"]
[Black "Reiche, Henry"]
[Result "1-0"]
[WhiteElo "2072"]
[BlackElo "2015"]
[PlyCount "71"]
[EventDate "2008.08.16"]
[EventType "swiss"]
[EventRounds "9"]
[EventCountry "GER"]
[SourceTitle "CBM 126 Extra"]
[Source "ChessBase"]
[SourceDate "2008.11.05"]
[SourceVersion "1"]
[SourceVersionDate "2008.11.05"]
[SourceQuality "1"]

1. d4 Nf6 2. c4 e5 3. dxe5 Ng4 4. e4 Nxe5 5. f4 Nec6 6. Be3 Bb4+ 7. Nc3 Bxc3+ 8. bxc3 d6 9. Bd3 Nd7 10. Qf3 Qf6 11. Ne2 Nc5 12. Bxc5 dxc5 13. 0-0 0-0 14. e5 Qh4 15. Ng3 g6 16. Ne4 Qe7 17. Nf6+ Kg7 18. Qg3 Rh8 19. Nd5 Qd8 20. f5 Bd7 21. e6 Be8 22. f6+ Kg8 23. e7 Qd6 24. Nxc7 Qxg3 25. hxg3 Rc8 26. Nd5 Ne5 27. Rad1 h5 28. Rfe1 Ng4 29. Be2 Nh6 30. Nf4 Kh7 31. Rd8 Bc6 32. Red1 Re8 33. Rxc8 Rxc8 34. Rd8 Rc7 35. Bf3 Ba4 36. Nd5 1-0

[Event "Berlin Lichtenberger op 7th"]
[Site "Berlin"]
[Date "2008.08.17"]
[Round "2"]
[White "Reiche, Henry"]
[Black "Dimitrijeski, Kristian"]
[Result "0-1"]
[WhiteElo "2015"]
[BlackElo "2167"]
[PlyCount "58"]
[EventDate "2008.08.16"]
[EventType "swiss"]
[EventRounds "9"]
[EventCountry "GER"]
[SourceTitle "CBM 126 Extra"]
[Source "ChessBase"]
[SourceDate "2008.11.05"]
[SourceVersion "1"]
[SourceVersionDate "2008.11.05"]
[SourceQuality "1"]

1. e4 c6 2. d4 d5 3. e5 Bf5 4. Nf3 e6 5. Be2 Ne7 6. 0-0 Bg6 7. c4 Nf5 8. Nc3 Be7 9. a3 0-0 10. c5 a5 11. Bd2 Bh5 12. Be3 f6 13. b4 Bxf3 14. Bxf3 fxe5 15. Bg4 Nd7 16. Bxf5 exf5 17. dxe5 Nxe5 18. Bd4 Nd7 19. f4 Bf6 20. Ne2 Re8 21. Bxf6 Qxf6 22. Rb1 axb4 23. axb4 Ra2 24. Ng3 g6 25. Re1 Rxe1+ 26. Qxe1 Qd4+ 27. Kh1 Kf7 28. Nxf5 gxf5 29. Qh4 Nf6 0-1

[Event "Berlin Kreuzberg op 9th"]
[Site "Berlin"]
[Date "2008.07.20"]
[Round "2"]
[White "Kohler, Thomas"]
[Black "Reiche, Henry"]
[Result "1/2-1/2"]
[WhiteElo "2276"]
[BlackElo "2015"]
[PlyCount "39"]
[EventDate "2008.07.19"]
[EventType "swiss"]
[EventRounds "9"]
[EventCountry "GER"]
[SourceTitle "EXT 2019"]
[Source "ChessBase"]
[SourceDate "2018.10.10"]
[SourceVersion "1"]
[SourceVersionDate "2018.10.10"]
[SourceQuality "1"]

1. Nf3 Nf6 2. c4 c5 3. Nc3 Nc6 4. d4 cxd4 5. Nxd4 g6 6. g3 Bg7 7. Bg2 0-0 8. 0-0 Nxd4 9. Qxd4 d6 10. Qd3 Rb8 11. Be3 Bf5 12. Qd2 b6 13. Bg5 Qd7 14. Rfd1 Bh3 15. Bxf6 Bxf6 16. Nd5 Bxg2 17. Nxf6+ exf6 18. Kxg2 Rfd8 19. Qd4 Qe6 20. e3 1/2-1/2

[Event "Berlin Herbst op"]
[Site "Berlin"]
[Date "2007.10.15"]
[Round "2"]
[White "Wendt, Jan Dietrich"]
[Black "Reiche, Henry"]
[Result "1-0"]
[WhiteElo "2364"]
[BlackElo "2039"]
[PlyCount "93"]
[EventDate "2007.10.14"]
[EventType "swiss"]
[EventRounds "9"]
[EventCountry "GER"]
[SourceTitle "EXT 2008"]
[Source "ChessBase"]
[SourceDate "2007.11.25"]
[SourceVersion "1"]
[SourceVersionDate "2007.11.25"]
[SourceQuality "1"]

1. d4 Nf6 2. Nf3 d5 3. c4 e6 4. Nc3 c6 5. g3 Be7 6. Bg2 Nbd7 7. 0-0 0-0 8. b3 Re8 9. Qc2 Nf8 10. e4 dxe4 11. Nxe4 Nxe4 12. Qxe4 Bf6 13. Bb2 Bd7 14. Rad1 Qa5 15. Qc2 Rad8 16. Rfe1 Bc8 17. Ne5 Ng6 18. Bc3 Qc7 19. Ng4 Be7 20. Ne3 b6 21. h4 h6 22. Qe2 Bb7 23. Rd2 Bf8 24. h5 Ne7 25. Red1 a5 26. Qg4 Rd7 27. Qh3 Red8 28. Qh1 Rd6 29. d5 R6d7 30. d6 Rxd6 31. Be5 Nc8 32. Bxd6 Rxd6 33. Qh4 Rxd2 34. Rxd2 Be7 35. Qe4 Nd6 36. Qe5 Qd7 37. c5 bxc5 38. Qxc5 Qc8 39. Rxd6 Qf8 40. Nc4 Ba6 41. Qxc6 Bxc4 42. Rd7 Be2 43. Ra7 Bxh5 44. Ra8 Bd8 45. Qd7 Qb4 46. Rxd8+ Kh7 47. Qd2 1-0

[Event "Berlin Lichtenrade op 03rd"]
[Site "Berlin"]
[Date "2007.04.08"]
[Round "2"]
[White "Noetzel, Felix"]
[Black "Reiche, Henry"]
[Result "1/2-1/2"]
[WhiteElo "1706"]
[BlackElo "2062"]
[PlyCount "97"]
[EventDate "2007.04.07"]
[EventType "swiss"]
[EventRounds "9"]
[EventCountry "GER"]
[SourceTitle "EXT 2008"]
[Source "ChessBase"]
[SourceDate "2007.11.25"]
[SourceVersion "1"]
[SourceVersionDate "2007.11.25"]
[SourceQuality "1"]

1. e4 e5 2. Nf3 Nc6 3. Bb5 a6 4. Bxc6 dxc6 5. 0-0 Bd6 6. d4 Bg4 7. dxe5 Bxf3 8. Qxf3 Bxe5 9. Rd1 Qh4 10. g3 Qe7 11. Nc3 Nf6 12. Bg5 0-0 13. Rd3 Bxc3 14. Rxc3 Qxe4 15. Bxf6 Qxf3 16. Rxf3 gxf6 17. Rd1 Rfd8 18. Rfd3 Rxd3 19. Rxd3 Kf8 20. f4 f5 21. Kf2 Re8 22. Rd7 Re7 23. Rd8+ Kg7 24. Ra8 c5 25. Rd8 c6 26. Rd3 Re4 27. Rd7 b5 28. Rc7 Ra4 29. a3 b4 30. axb4 cxb4 31. Rxc6 Ra2 32. b3 a5 33. Kg2 a4 34. bxa4 b3 35. Kh3 Rxc2 36. Rb6 b2 37. a5 h6 38. a6 Rc6 39. Rxb2 Rxa6 40. Kh4 Kg6 41. h3 Rc6 42. g4 fxg4 43. hxg4 f5 44. Rb5 fxg4 45. Kxg4 Ra6 46. f5+ Kf6 47. Kh5 Ra8 48. Rb6+ Kxf5 49. Kxh6 1/2-1/2

[Event "GER-chT Betriebe"]
[Site "Berlin"]
[Date "2006.10.07"]
[Round "6.1"]
[White "Reiche, Henry"]
[Black "Mueller, Ralf1111"]
[Result "0-1"]
[WhiteElo "2085"]
[BlackElo "2372"]
[PlyCount "122"]
[EventDate "2006.10.05"]
[EventType "team-tourn"]
[EventRounds "7"]
[EventCountry "GER"]
[SourceTitle "EXT 2020"]
[Source "ChessBase"]
[SourceDate "2019.10.17"]
[SourceVersion "1"]
[SourceVersionDate "2019.10.17"]
[SourceQuality "1"]
[WhiteTeam "Gillette IV"]
[BlackTeam "SG Stern Stuttgart"]
[WhiteTeamCountry "GER"]
[BlackTeamCountry "GER"]

1. e4 c5 2. Nc3 Nc6 3. g3 g6 4. Bg2 Bg7 5. d3 Rb8 6. Be3 d6 7. Qd2 b5 8. f4 b4 9. Nd1 e6 10. Ne2 Nge7 11. f5 exf5 12. 0-0 Ne5 13. Bh6 0-0 14. Bxg7 Kxg7 15. Ne3 fxe4 16. dxe4 Ba6 17. Rf2 Bxe2 18. Qxe2 Qd7 19. Raf1 Qe6 20. b3 Rbe8 21. Rf4 N5c6 22. Rf6 Qe5 23. Qf2 Ng8 24. Rxf7+ Rxf7 25. Qxf7+ Kh8 26. Nc4 Qd4+ 27. Kh1 Re7 28. Qf4 Ne5 29. Nxe5 Qxe5 30. Qxe5+ dxe5 31. Rd1 Nf6 32. Rd6 Kg7 33. h3 Rd7 34. Rc6 Rd1+ 35. Kh2 Nd7 36. Rc7 Kf6 37. h4 Rd2 38. Rxa7 Nf8 39. g4 g5 40. Ra6+ Ne6 41. hxg5+ Ke7 42. Ra7+ Rd7 43. Rxd7+ Kxd7 44. Kg3 Ke7 45. Bf1 Nxg5 46. Bd3 Kf6 47. c3 Ne6 48. cxb4 cxb4 49. Bc4 Nc5 50. Bd5 Kg5 51. Kf3 h6 52. Bc4 Nd7 53. Be6 Nc5 54. Bc4 Kh4 55. Bf1 Nd7 56. Be2 Nf6 57. Ke3 Nxg4+ 58. Kd3 Kg3 59. a4 bxa3 60. Kc3 h5 61. b4 h4 0-1

[Event "Berlin op 05"]
[Site "Berlin"]
[Date "2006.05.25"]
[Round "3"]
[White "Reiche, Henry"]
[Black "Steppan, Siegfried"]
[Result "1-0"]
[WhiteElo "1952"]
[BlackElo "1412"]
[PlyCount "99"]
[EventDate "2006.05.24"]
[EventType "swiss"]
[EventRounds "7"]
[EventCountry "GER"]
[SourceTitle "EXT 2007"]
[Source "ChessBase"]
[SourceDate "2006.11.23"]
[SourceVersion "1"]
[SourceVersionDate "2006.11.23"]
[SourceQuality "1"]

1. e4 c6 2. d4 d5 3. e5 Bf5 4. Nf3 e6 5. Be2 Ne7 6. 0-0 c5 7. c3 Nec6 8. Nbd2 Be7 9. Re1 Qb6 10. Nb3 c4 11. Nbd2 Nd7 12. Nf1 h6 13. Ng3 Bg6 14. b4 a5 15. bxa5 Qxa5 16. Qd2 b5 17. Bd1 b4 18. Bc2 bxc3 19. Qe2 Bxc2 20. Qxc2 0-0 21. Be3 Rfb8 22. a4 Rb2 23. Qc1 Rab8 24. Bxh6 c2 25. Nh5 Nxd4 26. Nxd4 Qxe1+ 27. Qxe1 gxh6 28. Rc1 Bb4 29. Qe3 Kh7 30. Qf4 Rf8 31. Nxc2 Bc3 32. Nf6+ Nxf6 33. exf6 Rfb8 34. g3 Ba5 35. Kh1 R2b7 36. Ne3 Bc7 37. Qg4 Rg8 38. Qh5 Bb6 39. Qf3 Bc7 40. Nxc4 Ra7 41. Ne3 Rg6 42. h4 Bd8 43. Ng4 Rxa4 44. Qd3 Kh8 45. Rc8 Raxg4 46. Rxd8+ Rg8 47. Rxg8+ Rxg8 48. Kg2 Rg6 49. Qd4 Rg8 50. Qe5 1-0

[Event "Berlin Unicorn op"]
[Site "Berlin"]
[Date "2005.05.05"]
[Round "3"]
[White "Breier, Andreas"]
[Black "Reiche, Henry"]
[Result "1-0"]
[WhiteElo "2354"]
[BlackElo "2103"]
[PlyCount "103"]
[EventDate "2005.05.04"]
[EventType "swiss"]
[EventRounds "7"]
[EventCountry "GER"]
[SourceTitle "CBM 106 Extra"]
[Source "ChessBase"]
[SourceDate "2005.07.01"]
[SourceVersion "1"]
[SourceVersionDate "2005.07.01"]
[SourceQuality "1"]

1. d4 Nf6 2. Nf3 d5 3. c4 c6 4. Nc3 e6 5. e3 Bd6 6. Qc2 Nbd7 7. g4 Nxg4 8. Rg1 Nxh2 9. Nxh2 Bxh2 10. Rxg7 h5 11. e4 Qf6 12. Rg2 Bf4 13. e5 Qh6 14. Bxf4 Qxf4 15. Qd2 Qxd2+ 16. Kxd2 dxc4 17. Ne4 b5 18. Nd6+ Kf8 19. Be2 Nb6 20. Rh1 Nd5 21. Bxh5 Nf4 22. Rgh2 Nxh5 23. Rxh5 Rxh5 24. Rxh5 Kg7 25. Ne8+ Kg6 26. Rh3 Ba6 27. Nc7 Rd8 28. Nxa6 Rxd4+ 29. Kc3 Rf4 30. f3 Kf5 31. Nb4 Kxe5 32. Nxc6+ Kd5 33. Nxa7 Kc5 34. a3 Rd4 35. Rh5+ f5 36. Rh6 Rd3+ 37. Kc2 Rxf3 38. Rxe6 Rf2+ 39. Kb1 b4 40. Rc6+ Kd5 41. axb4 f4 42. b5 Re2 43. b6 Re8 44. Rf6 Rb8 45. Nc6 Rb7 46. Na5 Rb8 47. Rxf4 Rxb6 48. Rxc4 Rb5 49. b4 Rxa5 50. bxa5 Kxc4 51. a6 Kb3 52. a7 1-0